A magyar diákok tanulási stratégiáinak változása az iskolába lépéstől az egyetemi tanulmányokig

In the 21st century, one of the main tasks of education is to prepare students for the rapidly changing labor market challenges. An essential prerequisite for this is effective learning, that is, the use of learning strategies that determine school success and promote lifelong learning. The aim of t...

Teljes leírás

Elmentve itt :
Bibliográfiai részletek
Szerzők: Habók Anita
Magyar Andrea
Molnár Gyöngyvér
Dokumentumtípus: Cikk
Megjelent: 2019
Sorozat:Magyar pedagógia : a Magyar Tudományos Akadémia Pedagógiai Bizottságának folyóirata 119 No. 1
Kulcsszavak:Tanulási módszer
Tárgyszavak:
Online Access:http://misc.bibl.u-szeged.hu/46592
LEADER 02815nab a2200265 i 4500
001 misc46592
005 20200911132704.0
008 200911s2019 hu o 0|| zxx d
022 |a 0025-0260 
040 |a SZTE Miscellanea Repozitórium  |b hun 
041 |a zxx 
100 1 |a Habók Anita 
245 1 2 |a A magyar diákok tanulási stratégiáinak változása az iskolába lépéstől az egyetemi tanulmányokig  |h [elektronikus dokumentum] /  |c  Habók Anita 
260 |c 2019 
300 |a 53-73 
490 0 |a Magyar pedagógia : a Magyar Tudományos Akadémia Pedagógiai Bizottságának folyóirata  |v 119 No. 1 
520 3 |a In the 21st century, one of the main tasks of education is to prepare students for the rapidly changing labor market challenges. An essential prerequisite for this is effective learning, that is, the use of learning strategies that determine school success and promote lifelong learning. The aim of this large-scale research was to map the developmental changes of elaboration, memorization, control and problem-solving strategies of primary and secondary school students as well as students entering higher education (N=12,465). We were looking for an answer to the question whether age-specific strategy use can be observed, and which learning strategy dominates at what age. Our results showed that students' learning strategies tended to change with age. While younger elementary school students preferred memorization strategies, their role decreased during the years of secondary school. In addition to the learning strategy based on memorization, control strategies started to play an increasingly important role, and the use of problem-solving strategies also increased towards the end of secondary school. There was a strong correlation between learning strategies and instrumental motivation, correlation coefficients got higher for elaboration and memorization strategies with age, while lower but significant values could be obtained for control strategies in lower grades. The strength of the relationship between problem-solving strategies and instrumental motivation was varied. Our results show that learning strategies are useful tools in learning, which can help to achieve future goals, such as getting a good job. However, findings also confirm that more emphasis should be put on effective learning instead of the frequent use of memorization strategies. 
650 4 |a Társadalomtudományok 
650 4 |a Oktatástudomány 
650 4 |a Általános oktatás (benne képzés, pedagógia, didaktika) 
650 4 |a Oktatás: rendszerek és intézmények, oktatás és tanulás 
695 |a Tanulási módszer 
700 0 1 |a Magyar Andrea  |e aut 
700 0 1 |a Molnár Gyöngyvér  |e aut 
856 4 0 |u http://misc.bibl.u-szeged.hu/46592/1/mp_2019_001_053-073.pdf  |z Dokumentum-elérés